[Event "Little Big Tourney I (2000/2300, 30+3)"]
[Site "SchemingMind.com"]
[Date "2011.03.16"]
[Round "-"]
[White "The Stonewall"]
[Black "petros"]
[Result "1-0"]
[WhiteCountry "ENG"]
[BlackCountry "GBR"]
[WhiteElo "2183"]
[WhiteRD "84"]
[BlackElo "2323"]
[BlackRD "96"]
[GameID "278649"]

1. d4 Nf6 2. c4 e6 3. g3 c5 4. d5 exd5 5. cxd5 d6 6. Nc3 g6 7. Bg2 Bg7 8. Nf3 O-O 9. O-O Nbd7 10. Bf4 Qe7
11. h3 a6 12. a4 Rb8 13. a5 b5 14. axb6 Nxb6 15. Qd3 Bf5 16. Qxa6 Ne4 17. Nxe4 Bxe4 18. Rfd1 h6 19. Ne1 Bxg2 20. Nxg2 g5
21. Be3 Qe4 22. Qa2 Rfe8 23. Kh2 Qc4 24. b3 Qe4 25. Rac1 Nxd5 26. Qd2 Nxe3 27. Nxe3 Bd4 28. Rc4 Rxb3 29. Ng4 Re6 30. e3 d5
31. Rc2 Bg7 32. Rxc5 h5 33. Qxd5 Qxd5 34. Rdxd5 hxg4 35. Rxg5 Rb2 36. Rcf5 gxh3 37. Kxh3 f6 38. Rg4 Kf7 39. Rc4 Re2 40. Kg4 Kg6
41. Rcf4 Ra6 42. Rc4 Raa2 43. Rcf4 Kh7 44. Rh5+ Kg8 45. Rhf5 Bh6 46. Rf3 Bg5 47. Kh3 Kh7 48. Kg4 Kh6 49. Kh3 Rac2 50. Kg4 Re1
51. Ra5 Rf1 52. e4
1-0

[Event "Little Big Tourney I (2000/2300, 30+3)"]
[Site "SchemingMind.com"]
[Date "2011.03.18"]
[Round "-"]
[White "The Stonewall"]
[Black "BlackRussian"]
[Result "0-1"]
[WhiteCountry "ENG"]
[BlackCountry "GBR"]
[WhiteElo "2188"]
[WhiteRD "78"]
[BlackElo "2179"]
[BlackRD "64"]
[GameID "278650"]

1. d4 Nf6 2. Nc3 d5 3. Bg5 Nbd7 4. Qd3 h6 5. Bh4 c6 6. Nf3 e6 7. e3 Be7 8. Be2 O-O 9. O-O b6 10. e4 dxe4
11. Nxe4 Bb7 12. Bg3 Nxe4 13. Qxe4 Nf6 14. Qe3 c5 15. Rad1 Qd5 16. dxc5 Qxc5 17. Qxc5 Bxc5 18. Ne5 Rfd8 19. Rfe1 Rac8 20. c3 Ne4
21. Bh5 f6 22. Nd7 Be7 23. Bf3 f5 24. Ne5 g5 25. h3 Kg7 26. Bh2 Ba8 27. Nd3 Bd5 28. Nc1 Bf6 29. Nb3 b5 30. Be2 a6
31. Nd4 Nc5 32. Rd2 Kg6 33. Bf3 Bxf3 34. Nxf3 Rxd2 35. Nxd2 e5 36. Nb3 Nd3 37. Re2 b4 38. cxb4 Nxb4 39. a3 Nd3 40. f3 Rb8
41. Na5 Rxb2 42. Rxb2 Nxb2 43. Kf2 Kf7 44. Ke2 Ke6 45. Kd2 Kd5 46. Bg1 e4 47. Ke2 Be7
0-1

[Event "Little Big Tourney I (2000/2300, 30+3)"]
[Site "SchemingMind.com"]
[Date "2011.03.16"]
[Round "-"]
[White "The Stonewall"]
[Black "Granny Gambit"]
[Result "0-1"]
[WhiteCountry "ENG"]
[BlackCountry "ENG"]
[WhiteElo "2215"]
[WhiteRD "79"]
[BlackElo "2387"]
[BlackRD "69"]
[GameID "278651"]

1. d4 Nf6 2. c4 g6 3. Nc3 Bg7 4. e4 d6 5. f4 O-O 6. Be2 c5 7. Nf3 cxd4 8. Nxd4 Nc6 9. Be3 Bd7 10. O-O Nxd4
11. Bxd4 Bc6 12. Qd3 Nd7 13. Bxg7 Kxg7 14. Qd4+ e5 15. Qe3 exf4 16. Rxf4 Qa5 17. Rd1 Qc5 18. Qd4+ Ne5 19. Nd5 Rae8 20. Qf2 Nd7
21. b4 Qxf2+ 22. Kxf2 Bxd5 23. exd5 Re7 24. h3 b6 25. g4 Rfe8 26. Bf1 Nf6 27. Bd3 h6 28. a3 Nd7 29. Rd2 Rc8 30. Rc2 a5
31. Be2 axb4 32. axb4 Nf6 33. Bd3 Ra7 34. Ke3 Nd7 35. Kd4 Ne5 36. Rc3 Ra4 37. Rb3 Ra1 38. Rc3 Rd1 39. Ke3 Nxd3 40. Rxd3 Rc1
41. Rdd4 Rc3+ 42. Kf2 g5 43. Rfe4 Rxh3 44. Rd1 Rc3 45. Rdd4 Ra8 46. Re3 Rc2+ 47. Re2 Rc1 48. Ke3 Ra3+ 49. Kd2 Rac3 50. Ree4 Kf6
0-1

[Event "Little Big Tourney I (2000/2300, 30+3)"]
[Site "SchemingMind.com"]
[Date "2011.03.23"]
[Round "-"]
[White "The Stonewall"]
[Black "Tuisceanach44"]
[Result "1-0"]
[WhiteCountry "ENG"]
[BlackCountry "IRL"]
[WhiteElo "2176"]
[WhiteRD "89"]
[BlackElo "1936"]
[BlackRD "70"]
[GameID "278652"]

1. d4 e6 2. c4 f5 3. g3 Nf6 4. Bg2 c6 5. Nh3 d5 6. Qc2 Bd6 7. O-O O-O 8. Bf4 Be7 9. Nd2 Bd7 10. Rac1 Na6
11. Nf3 Ng4= 12. Bg5 Bxg5 13. Nhxg5 h6 14. Nh3 g5 15. e3 Nc7 16. Rfd1 Ne8 17. Ne5 Nxe5 18. dxe5 Ng7 19. f4 g4 20. Nf2 h5
21. h4 Qe7 22. Qc3 Rfc8 23. Qd4 a5 24. Rc3 Ne8 25. Qb6 Rcb8 26. Nd3 Qd8 27. Qb3 b6 28. cxd5 cxd5 29. Bxd5 exd5 30. Qxd5+ Kf8
31. Nf2 Ba4 32. b3 Qxd5 33. Rxd5 Bxb3 34. axb3 Ke7 35. e4 fxe4 36. Nxe4 Ke6 37. Rcd3 a4 38. Rd7 a3 39. Ng5+ Kf5 40. Rf7+
1-0

[Event "Little Big Tourney I (2000/2300, 30+3)"]
[Site "SchemingMind.com"]
[Date "2011.03.21"]
[Round "-"]
[White "Tschigorin"]
[Black "The Stonewall"]
[Result "1/2-1/2"]
[WhiteCountry "GER"]
[BlackCountry "ENG"]
[WhiteElo "2097"]
[WhiteRD "86"]
[BlackElo "2176"]
[BlackRD "87"]
[GameID "278653"]

1. d4 d5 2. c4 c6 3. Nf3 Nf6 4. Qc2 dxc4 5. Qxc4 Bg4 6. Nbd2 Nbd7 7. g3 e6 8. Bg2 Be7 9. O-O O-O 10. Ne5 Bh5
11. Ndf3 Nb6 12. Qc2 Ng4 13. Rd1 Nxe5 14. Nxe5 Bd6 15. b3 Rc8 16. Bb2 f5 17. Rd2 Nd5 18. e4 fxe4 19. Bxe4 g6 20. a3 Qg5
21. Nd3 Bg4 22. Bg2 Bf3 23. Re1 Qg4 24. h3 Qf5 25. Bxf3 Qxf3 26. Ne5 Qf5 27. Kg2 Rce8 28. Rde2 Kg7 29. Qe4 Qg5 30. Qg4 Qe7
31. Nc4 Rf5 32. Nxd6 Qxd6 33. Qe4 Kg8 34. Kh1 a6 35. Qc2 Rf3 36. Kg2 Rf5 37. Kh1 Rf3 38. Kg2=
1/2-1/2

[Event "Little Big Tourney I (2000/2300, 30+3)"]
[Site "SchemingMind.com"]
[Date "2011.03.17"]
[Round "-"]
[White "MichaelDV"]
[Black "The Stonewall"]
[Result "1/2-1/2"]
[WhiteCountry "SWE"]
[BlackCountry "ENG"]
[WhiteElo "2238"]
[WhiteRD "84"]
[BlackElo "2215"]
[BlackRD "79"]
[GameID "278654"]

1. d4 d5 2. Nf3 c6 3. c4 Nf6 4. Nc3 dxc4 5. a4 Bf5 6. e3 e6 7. Bxc4 Bb4 8. O-O O-O 9. Qe2 Bg4 10. Rd1 Qa5
11. e4 Qh5 12. h3 Bxf3 13. Qxf3 Qxf3 14. gxf3 Nbd7 15. Be3 Rfd8 16. a5 Rac8 17. Be2 a6 18. Kg2 h6 19. h4=
1/2-1/2

[Event "Little Big Tourney I (2000/2300, 30+3)"]
[Site "SchemingMind.com"]
[Date "2011.03.17"]
[Round "-"]
[White "Uzi Mike"]
[Black "The Stonewall"]
[Result "1-0"]
[WhiteCountry "USA"]
[BlackCountry "ENG"]
[WhiteElo "2298"]
[WhiteRD "71"]
[BlackElo "2183"]
[BlackRD "84"]
[GameID "278655"]

1. d4 d5 2. c4 c6 3. e3 Nf6 4. Nc3 e6 5. Nf3 Nbd7 6. Qc2 Bd6 7. Be2 O-O 8. O-O dxc4 9. Bxc4 b5 10. Be2 Bb7
11. Rd1 Qc7 12. e4 e5 13. dxe5 Nxe5 14. h3 Rad8 15. Bg5 Rfe8 16. Bxf6 gxf6 17. Nd4 Ng6 18. Nf5 Be5 19. Rac1 Rxd1+ 20. Rxd1 Bc8
21. Bg4 Bxf5 22. Bxf5 Rd8 23. Rxd8+ Qxd8 24. a4 Qa5 25. axb5 cxb5 26. g3 Ne7 27. Nd5 Nxd5 28. exd5 Qa1+ 29. Kg2 Qxb2 30. Bxh7+ Kg7
31. Qxb2 Bxb2 32. Bd3 b4 33. d6 Be5 34. d7 Bc7 35. Kf3 b3 36. Ke3 a5 37. Kd4 a4 38. Kc3 f5 39. Bb5 Ba5+ 40. Kb2 Kf6
41. f3 Bd8 42. Bxa4 f4 43. g4 Kg5 44. Bxb3 f6 45. Kc3 Kh4 46. Kd4 Kxh3 47. Kd5
1-0

[Event "Little Big Tourney I (2000/2300, 30+3)"]
[Site "SchemingMind.com"]
[Date "2011.03.16"]
[Round "-"]
[White "Bandit2"]
[Black "The Stonewall"]
[Result "1-0"]
[WhiteCountry "POL"]
[BlackCountry "ENG"]
[WhiteElo "2328"]
[WhiteRD "94"]
[BlackElo "2180"]
[BlackRD "83"]
[GameID "278656"]

1. f4 g6 2. Nf3 Bg7 3. g3 b6 4. Bg2 Bb7 5. O-O d6 6. d3 Nf6 7. e4 Nc6 8. Nc3 e6 9. e5 dxe5 10. Nxe5 Qd6
11. d4 a6 12. a4 Rd8 13. Ne2 Na5 14. Bxb7 Nxb7 15. Qd3 a5 16. Qb5+ Nd7 17. Nc6 Rc8 18. f5 exf5 19. Bf4 Qe6 20. Rae1 O-O
21. Nc1 Nd6 22. Bxd6 Qxd6 23. Ne7+ Kh8 24. Nxc8 Rxc8 25. c3 Nf6 26. Nd3 Ne4 27. Nf2 Nf6 28. Re2 Kg8 29. Nd3 Ne4 30. g4 c6
31. Qa6 Rb8 32. gxf5
1-0

[Event "Little Big Tourney I (2000/2300, 30+3)"]
[Site "SchemingMind.com"]
[Date "2011.03.16"]
[Round "-"]
[White "petros"]
[Black "The Stonewall"]
[Result "1-0"]
[WhiteCountry "GBR"]
[BlackCountry "ENG"]
[WhiteElo "2320"]
[WhiteRD "76"]
[BlackElo "2188"]
[BlackRD "78"]
[GameID "278657"]

1. e4 c5 2. Nf3 Nc6 3. d4 cxd4 4. Nxd4 e5 5. Nb5 d6 6. c4 Be7 7. N1c3 a6 8. Na3 Be6 9. Nc2 Rc8 10. b3 Nf6
11. Bd3 O-O 12. Bb2 b5 13. cxb5 axb5 14. O-O d5 15. exd5 b4 16. dxe6
1-0

[Event "Little Big Tourney I (2000/2300, 30+3)"]
[Site "SchemingMind.com"]
[Date "2011.03.18"]
[Round "-"]
[White "BlackRussian"]
[Black "The Stonewall"]
[Result "0-1"]
[WhiteCountry "GBR"]
[BlackCountry "ENG"]
[WhiteElo "2128"]
[WhiteRD "71"]
[BlackElo "2247"]
[BlackRD "79"]
[GameID "278658"]

1. e4 c5 2. Nf3 d6 3. d4 cxd4 4. Nxd4 Nf6 5. Nc3 Bd7 6. Bg5 e6 7. Qd2 a6 8. O-O-O h6 9. Bh4 Nxe4 10. Qf4 Ng5
11. Qe3 Be7 12. f4 Nh7 13. Bxe7 Qxe7 14. Be2 Nc6 15. Bf3 O-O 16. g4 Nxd4 17. Qxd4 d5 18. h4 Rac8 19. g5 Qc5 20. Qd2 f5
21. Nxd5 exd5 22. Qxd5+ Rf7 23. Qxc5 Rxc5 24. g6 Re7 25. Rd5 Rc4 26. Re5 Rxe5 27. fxe5 Nf8 28. Bd5+ Be6 29. Bxc4 Bxc4 30. h5 Ne6
31. Rd1 f4 32. b3 Be2 33. Rd6 Bg4 34. Kd2 Kf8 35. Rb6 Nd8 36. Rb4 Bxh5 37. Rxf4+ Ke7 38. c4 Ke6 39. Rf8 Kd7 40. Ke3 Bxg6
41. a3 Bf7 42. Rh8 h5 43. Ke4 g6 44. Kf3 Nc6 45. Kf4 Ke6 46. b4 Nxe5 47. c5 Kf6 48. Ke4 Nc6
0-1

[Event "Little Big Tourney I (2000/2300, 30+3)"]
[Site "SchemingMind.com"]
[Date "2011.03.16"]
[Round "-"]
[White "Granny Gambit"]
[Black "The Stonewall"]
[Result "1-0"]
[WhiteCountry "ENG"]
[BlackCountry "ENG"]
[WhiteElo "2343"]
[WhiteRD "69"]
[BlackElo "2247"]
[BlackRD "79"]
[GameID "278659"]

1. d4 d5 2. c4 c6 3. Nf3 Nf6 4. Nc3 a6 5. e3 b5 6. b3 Bf5 7. Bd3 Bxd3 8. Qxd3 e6 9. O-O Be7 10. e4 b4
11. e5 bxc3 12. exf6 Bxf6 13. Ba3 Qa5 14. Bd6 Nd7 15. Rfe1 g5 16. Ne5 Bxe5 17. dxe5 Rd8 18. b4 Qa3 19. b5 Qa4 20. bxc6 Qxc6
21. cxd5 Qxd5 22. Qxc3 Qa8 23. Rac1 Qb7 24. Qa3 g4 25. Rc7 Qd5 26. Be7
1-0

[Event "Little Big Tourney I (2000/2300, 30+3)"]
[Site "SchemingMind.com"]
[Date "2011.03.23"]
[Round "-"]
[White "Tuisceanach44"]
[Black "The Stonewall"]
[Result "0-1"]
[WhiteCountry "IRL"]
[BlackCountry "ENG"]
[WhiteElo "1948"]
[WhiteRD "74"]
[BlackElo "2183"]
[BlackRD "84"]
[GameID "278660"]

1. d4 Nf6 2. Bg5 c5 3. Bxf6 exf6 4. Nc3 d5 5. e3 Nc6 6. Nge2 cxd4 7. Nxd4 Bb4 8. Qd2 Qa5 9. Nde2 Bf5 10. a3 Rd8
11. Rd1 Bxc3 12. Nxc3 O-O 13. Bd3 Bxd3 14. cxd3 f5 15. O-O Rfe8 16. d4 Re6 17. Qd3 Ne7 18. Ne2 Rc8 19. Rc1 Rec6 20. Rxc6 Rxc6
21. Rc1 Rxc1+ 22. Nxc1 Qe1+ 23. Qf1 Qd2 24. Nd3 f4 25. Nxf4 Qxb2 26. a4 Qc2 27. Qa1 b6 28. h3 a5 29. Qa3 Qc7 30. h4 g6
31. g3 Kg7 32. Kg2 Qd7 33. Qb3 Qc6 34. Nd3 Qc4 35. Qa3 Nf5 36. Ne5 Qc7 37. Qb3 f6 38. Nf3 Qc6 39. Nd2 Nd6 40. Qa3 Kf7
41. Nb1 Ne4 42. Qb3 Qc4 43. Qxb6 Qc2 44. Qb7+ Kf8 45. Qb8+ Kg7
0-1

[Event "Little Big Tourney I (2000/2300, 30+3)"]
[Site "SchemingMind.com"]
[Date "2011.03.22"]
[Round "-"]
[White "Marcel51"]
[Black "Tschigorin"]
[Result "1-0"]
[WhiteCountry "FRA"]
[BlackCountry "GER"]
[WhiteElo "2157"]
[WhiteRD "74"]
[BlackElo "2074"]
[BlackRD "91"]
[GameID "278712"]

1. e4 e6 2. d4 d5 3. Nc3 Nf6 4. e5 Nfd7 5. f4 c5 6. Nf3 a6 7. Be3 b5 8. dxc5 Nxc5 9. a3 Nc6 10. b4 Nd7
11. Bd3 Be7 12. O-O O-O 13. Qe1 Bb7 14. Qf2 Rc8 15. Ne2 Qc7 16. c3 Bd8 17. a4 bxa4 18. Rxa4 Nb6 19. Raa1 Nc4 20. Bxc4 dxc4
21. Nd2 Nb8 22. Bc5 Be7 23. Bxe7 Qxe7 24. Ng3 f5 25. exf6 Rxf6 26. Nde4 Rff8 27. Qa7 Rc7 28. Qe3 Bd5 29. Nc5 Qd6 30. f5 exf5
31. Nxf5 Qg6 32. Nh4 Qc6 33. Rxf8+ Kxf8 34. Qg5 Rc8 35. Rf1+ Bf7 36. Qf5 Qe8 37. Qxh7 Qe3+ 38. Kh1 Qe2 39. Ng6+ Ke8 40. Qh8+
1-0

[Event "Little Big Tourney I (2000/2300, 30+3)"]
[Site "SchemingMind.com"]
[Date "2011.03.17"]
[Round "-"]
[White "Marcel51"]
[Black "MichaelDV"]
[Result "1-0"]
[WhiteCountry "FRA"]
[BlackCountry "SWE"]
[WhiteElo "2157"]
[WhiteRD "74"]
[BlackElo "2170"]
[BlackRD "76"]
[GameID "278713"]

1. e4 d6 2. Nc3 Nf6 3. Nf3 g6 4. d4 Bg7 5. Be2 O-O 6. O-O c6 7. a4 Nbd7 8. Be3 Qc7 9. h3 b6 10. Qd3 a5
11. Rfe1 Bb7 12. Rad1 e6 13. Qd2 Rfe8 14. Bg5 e5= 15. dxe5 dxe5 16. Bc4 Rad8 17. Qd6 Qc8 18. Qa3 Ba6 19. Bxa6 Qxa6 20. Be3 Qc4
21. Nd2 Qe6 22. Qb3 Qxb3 23. cxb3 Bf8 24. Nc4 Rb8 25. g4 Nc5 26. Nd6 Bxd6 27. Rxd6 Re6 28. Red1 Nxb3 29. Rd8+ Rxd8 30. Rxd8+ Re8
31. Rd6 Re6 32. Rxe6 fxe6 33. Bxb6
1-0

[Event "Little Big Tourney I (2000/2300, 30+3)"]
[Site "SchemingMind.com"]
[Date "2011.03.17"]
[Round "-"]
[White "Marcel51"]
[Black "The Stonewall"]
[Result "0-1"]
[WhiteCountry "FRA"]
[BlackCountry "ENG"]
[WhiteElo "2091"]
[WhiteRD "78"]
[BlackElo "2247"]
[BlackRD "79"]
[GameID "278714"]

1. e4 c5 2. Nc3 g6 3. Nf3 Bg7 4. d4 cxd4 5. Nxd4 Nc6 6. Be3 Nf6 7. Nxc6 bxc6 8. e5 Ng8 9. f4 Nh6 10. Qd3 O-O
11. O-O-O d5 12. h3 Nf5 13. Bf2 Bh6 14. Ne2 Ng7 15. Kb1 Qa5 16. g3 Bf5 17. Qc3 Qxc3 18. Nxc3 f6 19. exf6 exf6 20. Bg2 a6
21. g4 Be6 22. Ne2 Rab8 23. Rhe1 Rf7 24. Nd4 Bd7 25. c4 dxc4 26. Nxc6 Bxc6 27. Bxc6 c3 28. Re3 Rc7 29. Rd6 Bxf4 30. Rxc3 Bxd6
31. Bd5+ Kf8 32. Rf3 Be5 33. Bb3 Ne6 34. Bxe6 Rxb2+ 35. Ka1 Rc1#
0-1

[Event "Little Big Tourney I (2000/2300, 30+3)"]
[Site "SchemingMind.com"]
[Date "2011.03.19"]
[Round "-"]
[White "Marcel51"]
[Black "Bandit2"]
[Result "0-1"]
[WhiteCountry "FRA"]
[BlackCountry "POL"]
[WhiteElo "2157"]
[WhiteRD "74"]
[BlackElo "2322"]
[BlackRD "96"]
[GameID "278716"]

1. e4 g6 2. Nc3 Bg7 3. d4 d6 4. Be2 a6 5. Nf3 Nd7 6. Bc4 e6 7. a4 Ne7 8. O-O O-O 9. Bg5 h6 10. Be3 Kh7
11. Qd2 b6 12. h3 Bb7 13. Rfe1 Nf6 14. Bd3 Qd7 15. b4 Nh5 16. b5 axb5 17. Nxb5 f5 18. exf5 Nxf5 19. Qd1 Nxe3 20. Rxe3 Nf4
21. Be4 Bxe4 22. Rxe4 c6 23. Nc3 c5 24. Re3 cxd4 25. Nxd4 e5 26. Ndb5 d5 27. Qd2 Qc6 28. Ree1 Rac8 29. Rac1 h5 30. Qd1 Qf6
31. Rf1 Qg5 32. Qf3 e4 33. Qg3 Qe5 34. Kh2 Rf5 35. Qe3 Ne2+ 36. Kh1 Nxc3 37. Qxb6 Rb8 38. Qa7 Nxb5 39. axb5 Rxb5 40. Qe3 Rb7
41. Rb1 Rxb1 42. Rxb1 Qf4 43. Qxf4 Rxf4 44. f3 exf3 45. gxf3 Rxf3 46. h4 Rc3 47. Rd1 d4 48. Rd2 Rh3+ 49. Kg2 Rxh4 50. Re2 Kh6
51. Kg3 Rh1 52. Kg2 Rd1 53. Kf3 d3 54. cxd3 Rxd3+ 55. Ke4 Ra3 56. Rh2 g5 57. Rd2 h4 58. Rd6+ Kh5 59. Rd7 Ba1 60. Kf5 Rf3+
61. Ke4 Rf8 62. Kd5 h3 63. Rh7+ Kg4 64. Ra7 h2 65. Rxa1 Kg3 66. Kd6 Kg2
0-1

[Event "Little Big Tourney I (2000/2300, 30+3)"]
[Site "SchemingMind.com"]
[Date "2011.03.18"]
[Round "-"]
[White "Marcel51"]
[Black "petros"]
[Result "1-0"]
[WhiteCountry "FRA"]
[BlackCountry "GBR"]
[WhiteElo "2105"]
[WhiteRD "79"]
[BlackElo "2320"]
[BlackRD "76"]
[GameID "278717"]

1. e4 e6 2. Nf3 d5 3. Nc3 d4 4. Ne2 c5 5. c3 Nf6 6. cxd4 Nc6 7. e5 Nd7 8. dxc5 Ndxe5 9. Nxe5 Nxe5 10. d4 Bxc5
11. Be3 Bb4+ 12. Nc3 Nc6 13. Be2 O-O 14. O-O Ba5 15. Rc1 Qe7 16. d5 Rd8 17. Qb3 Nb4 18. Bf3 exd5 19. a3 Nc6 20. Nxd5 Qe8
21. Rfd1 Rd6 22. h3 Ne5 23. Be4 Bd8 24. Bxa7 Rc6 25. Qe3 Re6 26. Bb6 Nd3 27. Qxd3 Bxb6 28. Bxh7+ Kh8 29. Bf5 Rd6 30. Rc4 Rh6
31. Nxb6 Rxb6 32. Qd8
1-0

[Event "Little Big Tourney I (2000/2300, 30+3)"]
[Site "SchemingMind.com"]
[Date "2011.03.18"]
[Round "-"]
[White "Marcel51"]
[Black "BlackRussian"]
[Result "1/2-1/2"]
[WhiteCountry "FRA"]
[BlackCountry "GBR"]
[WhiteElo "2091"]
[WhiteRD "78"]
[BlackElo "2128"]
[BlackRD "71"]
[GameID "278718"]

1. e4 c5 2. Nc3 e6 3. Nf3 d6 4. d4 cxd4 5. Nxd4 Nf6 6. Be3 Nc6 7. Be2 Be7 8. f4 a6 9. Nxc6 bxc6 10. O-O O-O
11. Qe1 c5 12. Rd1 Bb7 13. e5 Nd5 14. Nxd5 exd5 15. Bf3 dxe5 16. fxe5 Qb6 17. c3 Rad8 18. Qf2 a5 19. b3 h6 20. Rfe1 Bc6
21. Rd2 Bb7 22. Red1 f6 23. Bxd5+ Bxd5 24. Rxd5 Rxd5 25. Rxd5 fxe5 26. Qe1 e4 27. Re5 Bd6 28. Rxe4 Qc6 29. Ra4 Rf7 30. Bf2 Bc7
31. g3 Bb6 32. Qe4 Qd7 33. Qe2 Qc6= 34. Qe5 Rf6 35. Rg4 Kh7 36. Qe7 Rg6 37. Qe4 Qxe4 38. Rxe4 Rd6 39. Kf1 Rd1+ 40. Kg2 Rd2
41. Re6 Bd8 42. Kf3 Rxa2 43. Bxc5 Rxh2 44. Bf2 Rh1 45. c4 Rc1 46. Rd6 Bf6 47. Ra6 Rc3+ 48. Ke4 Rxb3 49. c5 Kg6 50. c6 Rb8
51. c7 Rc8 52. Bb6 Bc3 53. Kd5 Kf5 54. Kd6 Be5+ 55. Kd7 Bxc7 56. Bxc7 Rf8 57. Rxa5+ Kg4 58. Ra4+ Kh5 59. Be5 Rf7+ 60. Ke6 Rf3=
61. Ra7 g5 62. Ra4 Rf1 63. Ke7 Rf3 64. Ra6 Rf2 65. Rc6 Rf3 66. Rc4 Kg6 67. Ke6 Rf1 68. Rc6 Kh5 69. Kd5 Rf3 70. Ke4 Rf1
71. Re6 Rf7 72. Rd6 Rf1 73. Bg7 Kg4 74. Bxh6 Re1+ 75. Kd5 Rd1+ 76. Ke6 Rxd6+ 77. Kxd6 Kxg3 78. Bxg5
1/2-1/2

[Event "Little Big Tourney I (2000/2300, 30+3)"]
[Site "SchemingMind.com"]
[Date "2011.03.17"]
[Round "-"]
[White "Marcel51"]
[Black "Granny Gambit"]
[Result "0-1"]
[WhiteCountry "FRA"]
[BlackCountry "ENG"]
[WhiteElo "2091"]
[WhiteRD "78"]
[BlackElo "2343"]
[BlackRD "69"]
[GameID "278719"]

1. e4 d6 2. Nc3 Nf6 3. Nf3 g6 4. d4 Bg7 5. Be2 c6 6. O-O O-O 7. a4 Nbd7 8. Be3 Qc7 9. h3 e5 10. dxe5 dxe5
11. Qd2 Re8 12. Rfd1 Bf8 13. Bc4 Nc5 14. Ng5 Ne6 15. Bb3 Nxg5 16. Bxg5 Nh5 17. Kh2 Ng7 18. Bd8 Qb8 19. Bf6 Be6 20. Bxe6 Nxe6
21. a5 Be7 22. Bxe7 Rxe7 23. Na4 Qc7 24. Qc3 Rd8 25. Rxd8+ Qxd8 26. Nc5 Qd6 27. Nxe6 Rxe6 28. Ra3 Re7 29. a6 b6 30. Qc4 Qd2
31. Qxc6 Qf4+ 32. Rg3 h5 33. Qb7 Kf8 34. Qb8+ Kg7 35. Qd8 Re6 36. Kh1 Rf6 37. Rf3 Qc1+ 38. Kh2 Rxf3 39. gxf3 Qf1 40. Qd2 Qxa6
41. Qd5 Qa5 42. Qxa5 bxa5 43. Kg2 g5 44. Kf1 Kf8 45. Ke2 Ke7 46. Kd3 Kd6 47. Kc4 Kc6 48. Kc3 Kb5 49. Kb3 h4 50. Ka3 a4
51. Ka2 Kb4 52. c3+ Kc4 53. Ka3 Kb5 54. Ka2 a6 55. Ka3 a5 56. c4+ Kxc4 57. Kxa4 Kd3 58. Kxa5 Ke2 59. b4 Kxf3 60. b5 g4
61. b6 gxh3 62. b7 h2 63. b8=Q h1=Q 64. Qxe5 Qe1+ 65. Kb6 Qxf2+ 66. Kc6 Qc2+ 67. Kd6 Qd2+ 68. Ke7 h3 69. Qf5+ Kg3 70. e5 h2
71. Qb1 Qe3 72. Kd6 Qh6+ 73. Ke7 h1=Q 74. Qxh1 Qxh1 75. Kxf7 Qh5+ 76. Kf6 Kf4 77. e6 Qg5+ 78. Kf7 Ke5 79. e7 Qf6+ 80. Ke8 Kd6
0-1

[Event "Little Big Tourney I (2000/2300, 30+3)"]
[Site "SchemingMind.com"]
[Date "2011.03.22"]
[Round "-"]
[White "Tschigorin"]
[Black "Marcel51"]
[Result "0-1"]
[WhiteCountry "GER"]
[BlackCountry "FRA"]
[WhiteElo "2074"]
[WhiteRD "91"]
[BlackElo "2157"]
[BlackRD "74"]
[GameID "278721"]

1. e4 c5 2. d3 d6 3. f4 Nc6 4. Nf3 Nf6 5. Be2 g6 6. O-O Bg7 7. Qe1 a6 8. a4 O-O 9. Qh4 Be6 10. Nc3 Bd7
11. f5 gxf5 12. Bh6 Bxh6 13. Qxh6 Nd4 14. Ng5 Bc6 15. Rf4 e6 16. Rh4 Re8 17. Bh5 Rf8 18. Nxh7 Nxh7 19. Bg6 Nf3+ 20. gxf3 Qg5+
21. Qxg5 Nxg5 22. Bh5 Kg7 23. Kf2 fxe4 24. Rg1 Kf6 25. dxe4 e5 26. Nd5+ Bxd5 27. exd5 Rh8 28. Ke3 Rae8 29. Rf1 b5 30. axb5 axb5
31. Kd3 Rh7 32. h3 Ke7 33. f4 exf4 34. Rhxf4 Rxh5 35. h4 Nh3 36. Rxf7+ Kd8 37. c4 Rxh4 38. cxb5 Rd4+ 39. Kc3 Re7 40. Rf8+ Kc7
41. Ra1 Re3+ 42. Kc2 Re2+ 43. Kb3 Rb4+ 44. Kc3 Rbxb2 45. b6+ Kb7 46. Rfa8 Rec2+ 47. Kd3 Nf4+
0-1

[Event "Little Big Tourney I (2000/2300, 30+3)"]
[Site "SchemingMind.com"]
[Date "2011.03.17"]
[Round "-"]
[White "MichaelDV"]
[Black "Marcel51"]
[Result "0-1"]
[WhiteCountry "SWE"]
[BlackCountry "FRA"]
[WhiteElo "2170"]
[WhiteRD "76"]
[BlackElo "2157"]
[BlackRD "74"]
[GameID "278722"]

1. d4 d5 2. Nf3 Nf6 3. c4 e6 4. Nc3 Bb4 5. Qa4+ Nc6 6. e3 O-O 7. Bd2 Bd7 8. Qc2 Ne7 9. a3 Bxc3 10. Bxc3 dxc4
11. Bxc4 Bc6 12. O-O Bxf3 13. gxf3 Nfd5 14. Bd2 Nf5 15. Kh1 Nd6 16. Bd3 Qh4 17. Rg1 h5 18. e4 Nf4 19. Rg3 Rfd8 20. Rag1 Ne8
21. Be3 Rd7 22. Bf1 Rad8 23. Qc1 e5 24. dxe5 Rd1 25. Qc2 b6 26. Bc4 Rxg1+ 27. Kxg1 Kf8 28. Bf1 g5 29. Qc6 Kg7 30. Qb5 Kf8
31. e6 fxe6
0-1

[Event "Little Big Tourney I (2000/2300, 30+3)"]
[Site "SchemingMind.com"]
[Date "2011.03.17"]
[Round "-"]
[White "The Stonewall"]
[Black "Marcel51"]
[Result "0-1"]
[WhiteCountry "ENG"]
[BlackCountry "FRA"]
[WhiteElo "2215"]
[WhiteRD "79"]
[BlackElo "2112"]
[BlackRD "77"]
[GameID "278723"]

1. d4 d5 2. Nc3 Nf6 3. Bg5 c6 4. Qd3 g6 5. e4 Nxe4 6. Nxe4 dxe4 7. Qxe4 Bf5 8. Qe3 Bxc2 9. Nf3 Nd7 10. Bc4 Nb6
11. Qe2 Nxc4 12. Qxc2 Qa5+ 13. Kf1 h6 14. Qxc4 hxg5 15. Qb3 Qa6+ 16. Kg1 Qb5 17. Qxb5 cxb5 18. Nxg5 Bg7 19. Nf3 Rd8 20. Rd1 Rh5
21. Kf1 Rhd5 22. Ke2 Bxd4 23. Nxd4 Rxd4 24. Rxd4 Rxd4 25. Rc1 Kd7 26. Ke3 Rh4 27. h3 Ra4 28. a3 e5 29. g3 Rc4 30. Rd1+ Kc6
31. Rd8 Ra4 32. Rf8 f5 33. Rf6+ Kd5 34. Rxg6 b4 35. axb4 Rxb4 36. h4 Rb3+ 37. Ke2 Rxb2+ 38. Kf3 Rb3+ 39. Kg2 Rb6 40. Rxb6 axb6
41. Kf3 Ke6 42. Ke2 b5 43. f3 Kf6 44. Kd3 Kg6 45. Kc3 f4 46. g4 e4
0-1

[Event "Little Big Tourney I (2000/2300, 30+3)"]
[Site "SchemingMind.com"]
[Date "2011.03.19"]
[Round "-"]
[White "Uzi Mike"]
[Black "Marcel51"]
[Result "0-1"]
[WhiteCountry "USA"]
[BlackCountry "FRA"]
[WhiteElo "2243"]
[WhiteRD "73"]
[BlackElo "2171"]
[BlackRD "77"]
[GameID "278724"]

1. e4 e5 2. Nf3 Nc6 3. Bb5 a6 4. Bxc6 dxc6 5. O-O Nf6 6. Nxe5 Be6 7. Nc3 Nd7 8. Nf3 Bd6 9. d4 O-O 10. Qd3 f6
11. Ne2 b5 12. b3 Bf7 13. Bf4 c5 14. a4 c4 15. Qe3 bxa4 16. bxa4 Re8 17. Ng3 Bf8 18. Qd2 a5 19. Rfb1 Bg6 20. Re1 Nb6
21. d5 Qd7 22. Qd4 Bb4 23. c3 c5 24. Qe3 Nxa4 25. cxb4 axb4 26. Nh4 b3 27. Rab1 b2 28. Qe2 c3 29. Qc2 Qb7 30. Ngf5 Bxf5
31. Nxf5 c4 32. Nd4 Qb4 33. Bg3 Nb6 34. f4 Na4 35. Kh1 Nc5 36. Re2 Ra1 37. e5 Nb3 38. Nc6 Qa3 39. d6 Rxb1+ 40. Qxb1 Qa1
41. Qxa1 bxa1=Q+ 42. Be1 Qd1 43. h3 Qxe2
0-1

[Event "Little Big Tourney I (2000/2300, 30+3)"]
[Site "SchemingMind.com"]
[Date "2011.03.19"]
[Round "-"]
[White "Bandit2"]
[Black "Marcel51"]
[Result "1-0"]
[WhiteCountry "POL"]
[BlackCountry "FRA"]
[WhiteElo "2290"]
[WhiteRD "100"]
[BlackElo "2105"]
[BlackRD "79"]
[GameID "278725"]

1. f4 d5 2. Nf3 Nf6 3. g3 Nc6 4. Bg2 Bf5 5. O-O e6 6. d3 Bd6 7. Qe1 O-O 8. c3 Qd7 9. Nbd2 a5 10. h3 a4
11. e4 dxe4 12. dxe4 Bc5+ 13. Kh1 Bg6 14. Nh4 Qd3 15. Nxg6 hxg6 16. e5 Nd5 17. Ne4 f5 18. Nxc5 Qc4 19. Nxe6 Rfc8 20. Ng5 Nde7
21. g4 fxg4 22. Qh4 gxh3 23. Bxh3 Nf5 24. Qh7+ Kf8 25. Be3 Nd8 26. Bxf5 gxf5 27. Qxf5+ Kg8 28. Qh7+ Kf8 29. Qh8+ Ke7 30. Qxg7+ Nf7
31. Rad1 Rh8+ 32. Kg1 Raf8 33. Qf6+ Ke8 34. Nxf7 Rhg8+ 35. Kf2
1-0